| 000 | 00682cab a2200241 4500 | ||
|---|---|---|---|
| 001 | WB3505-24 | ||
| 008 | 090401t1999 xxu||||| |||| 00| 0 eng d | ||
| 035 | _a(Sirsi) u91051 | ||
| 041 | _aeng | ||
| 245 | _aRevival of rented sector | ||
| 260 | _c1999 | ||
| 350 | _a0 | ||
| 490 |
_aTimes _v30 January 1999, 54(1) |
||
| 520 | _aThe Rowntree Trust has launched a programme to develop high-quality housing for the rented sector. | ||
| 650 | _aPRIVATE RENTED SECTOR | ||
| 650 | _aPROPERTY INVESTMENT | ||
| 650 | _aRENTED HOUSING | ||
| 650 |
_aRESIDENTIAL PROPERTY _96266 |
||
| 650 | _aROWNTREE TRUST | ||
| 690 | _aHOUSING-DEVELOPMENT | ||
| 942 | _n0 | ||
| 948 | _c02/02/1999 | ||
| 999 |
_c57770 _d57770 |
||